Code de Commerce mis en vigueur en 1900. Loi sur le change. Loi sur la faillite, legislation refondue

保存先:
書誌詳細
第一著者: Carpentier, Paul (著者)
フォーマット: 図書
言語:フランス語
出版事項: París A. Chevalier-Marescq 1901
シリーズ:Legislation Commerciale de l'Allemagne
主題:
タグ: タグ追加
タグなし, このレコードへの初めてのタグを付けませんか!

MARC

LEADER 00000nam a2200000 a 4500
001 UCR4327
003 CL-VaPUC
008 980307e19010000FR |||||||||||||||||fre|d
082 0 4 |a 346.07  |b CAR  |2 21 
100 0 |a Carpentier, Paul  |e author  |9 404234 
245 1 0 |a Code de Commerce mis en vigueur en 1900. Loi sur le change. Loi sur la faillite, legislation refondue 
300 |a 579 p 
942 |c BK 
945 |d 19980307 00:00:00  |a aolguin 
260 |a París  |b A. Chevalier-Marescq  |c 1901 
650 0 |a Derecho comercial   |9 256340 
650 0 |a Código de comercio   |9 329302 
650 7 |a LEY DE CAMBIOS  |2 CL-VaPUC  |9 404235 
650 0 |a Ley de Quiebras  |9 404236 
650 0 |a Comercio marítimo  |9 352895 
651 0 |a Alemania  |9 255688 
583 |a last modification  |c 20190801 07:28:51  |k Rodrigo Vera 
490 0 |a Legislation Commerciale de l'Allemagne 
999 |c 267270  |d 267268 
952 |0 0  |1 0  |4 0  |6 346_070000000000000_CAR_1901  |7 0  |8 X  |9 299534  |a BIBDER  |b BIBDER  |d 2019-11-20  |i 195282K  |o 346.07 CAR 1901  |p 195282K  |r 2023-01-25  |w 2019-11-20  |y BK_X  |k DER